| 000 | 00744nam a2200205 i 4500 | ||
|---|---|---|---|
| 001 | 89420 | ||
| 003 | ES-MaACL | ||
| 005 | 20250730063115.0 | ||
| 007 | t| | ||
| 008 | 050110m19591961sp a |||| | spa d | ||
| 100 | 1 |
_aEstornés Lasa, Bernardo, _d1907-1999 _948183 |
|
| 245 | 1 | 0 |
_aOrígenes de los vascos / _cB.E. Lasa. |
| 260 |
_aZarauz : _bIcharopena, _c1959-1961. |
||
| 300 |
_a2 v. : _bil. ; _c25 cm. |
||
| 505 | 8 |
_aContiene: I ; _tCivilizaciones primitivas: albores históricos (418 p., 20 lám.) - II ; _tRomanización, testimonio y orígenes de la lengua vasca (496 p., 15 lám.) |
|
| 650 | 0 | 4 |
_aVascos- _xHistoria. _917744 |
| 650 | 4 |
_aLengua vasca- _xHistoria. _9154956 |
|
| 852 |
_aES-MaACL _jP-756 |
||
| 999 |
_c89420 _d89420 |
||